000 00463nam a2200181Ia 4500
005 20250923144525.0
008 008 250917s9999 xx 000 0 eng d
037 _aTextual
040 _aDSWL
_beng
_cDSWL
041 _aeng
_2eng
084 _qDSWL
100 _aTrecker, Harleigh.B.
_9825748
245 0 _aSocial group work
_cby Harleigh.B. Trecker
260 _c1955
300 _axiv,442p.
942 _cTEXL
999 _c1440005
_d1440005